000 00683cam a2200217 4500500
005 20260405002321.0
041 _afre
042 _adc
100 1 0 _aUngerer, Tomi
_eauthor
245 0 0 _a“Je voudrais savoir pourquoi les chiens chassent les chats, alors qu’ils ne les mangent pas”
260 _c2016.
500 _a79
690 _aChat
690 _aChien
690 _aReligion
690 _atéléphone
690 _aTerrorisme
690 _aTomi Ungerer
786 0 _nPhilosophie magazine | 105 | 12-1 | 2016-12-01 | p. 13-13 | 1951-1787
856 4 1 _uhttps://shs.cairn.info/magazine-philosophie-magazine-2016-12-1-page-13?lang=fr&redirect-ssocas=7080
999 _c2056553
_d2056553